000 00450nam a22001577a 4500
020 _a19 560794 5
082 _a331.7CON
100 _aConnell, John
245 _aAssessing village labour situations in developing countries
260 _aLondon
_bOxford
_c1977
300 _a180p
_b25cm
500 _aInclude Bibliography and Index
650 _aAssessing village labour situations in developing countries
700 _aConnell, John
942 _cBK
999 _c14938
_d14938